[Event "56th Hull Congress"]
[Site "Hull"]
[Date "2019.11.02"]
[Round "3"]
[Board "11"]
[White "Cooper, John G"]
[Black "Patrick, David A"]
[Result "1-0"]
[WhiteElo "2083"]
[BlackElo "1880"]
[PlyCount "0"]
[EventDate "2019.11.01"]
[EventRounds "5"]
[EventCountry "ENG"]

1. e4 {[%clk 01:30:57]} {[%emt 00:00:02]} e6 {[%clk 01:30:55]} {[%emt
00:00:05]} 2. d4 {[%clk 01:31:18]} {[%emt 00:00:09]} d5 {[%clk 01:31:18]}
{[%emt 00:00:07]} 3. Nd2 {[%clk 01:31:31]} {[%emt 00:00:17]} Nf6 {[%clk
01:31:33]} {[%emt 00:00:15]} 4. e5 {[%clk 01:31:42]} {[%emt 00:00:20]} Nfd7
{[%clk 01:31:52]} {[%emt 00:00:10]} 5. Ngf3 {[%clk 01:31:15]} {[%emt 00:00:57]}
c5 {[%clk 01:32:07]} {[%emt 00:00:15]} 6. c3 {[%clk 01:31:31]} {[%emt
00:00:13]} Nc6 {[%clk 01:32:05]} {[%emt 00:00:32]} 7. Bd3 {[%clk 01:31:46]}
{[%emt 00:00:15]} Qb6 {[%clk 01:30:56]} {[%emt 00:01:39]} 8. O-O {[%clk
01:31:46]} {[%emt 00:00:30]} cxd4 {[%clk 01:30:57]} {[%emt 00:00:30]} 9. cxd4
{[%clk 01:32:04]} {[%emt 00:00:12]} Nxd4 {[%clk 01:31:07]} {[%emt 00:00:20]} 10.
Nxd4 {[%clk 01:32:15]} {[%emt 00:00:20]} Qxd4 {[%clk 01:31:27]} {[%emt
00:00:09]} 11. Nf3 {[%clk 01:32:29]} {[%emt 00:00:16]} Qb6 {[%clk 01:30:24]}
{[%emt 00:01:33]} 12. Qa4 {[%clk 01:32:31]} {[%emt 00:00:28]} Qb4 {[%clk
01:22:27]} {[%emt 00:08:23]} 13. Qc2 {[%clk 01:32:22]} {[%emt 00:00:43]} Qc5
{[%clk 01:21:36]} {[%emt 00:01:19]} 14. Bxh7 {[%clk 01:32:00]} {[%emt
00:00:54]} Qxc2 {[%clk 01:21:45]} {[%emt 00:00:22]} 15. Bxc2 {[%clk 01:32:18]}
{[%emt 00:00:11]} g6 {[%clk 01:15:41]} {[%emt 00:06:33]} 16. Bg5 {[%clk
01:26:07]} {[%emt 00:06:42]} Bg7 {[%clk 01:15:38]} {[%emt 00:00:32]} 17. Rfe1
{[%clk 01:25:58]} {[%emt 00:00:40]} Bh6 {[%clk 01:10:58]} {[%emt 00:05:04]} 18.
Rac1 {[%clk 01:18:48]} {[%emt 00:07:46]} Bxg5 {[%clk 01:04:44]} {[%emt
00:06:44]} 19. Nxg5 {[%clk 01:19:07]} {[%emt 00:00:11]} Nb6 {[%clk 00:57:51]}
{[%emt 00:07:23]} 20. Bd3 {[%clk 01:12:17]} {[%emt 00:07:21]} O-O {[%clk
00:57:12]} {[%emt 00:01:08]} 21. h4 {[%clk 01:08:48]} {[%emt 00:03:58]} Bd7
{[%clk 00:54:38]} {[%emt 00:03:05]} 22. Rc7 {[%clk 01:05:34]} {[%emt 00:03:44]}
Bc6 {[%clk 00:52:36]} {[%emt 00:02:31]} 23. h5 {[%clk 00:58:54]} {[%emt
00:07:11]} gxh5 {[%clk 00:52:33]} {[%emt 00:00:33]} 24. Re3 {[%clk 00:59:03]}
{[%emt 00:00:21]} Nd7 {[%clk 00:46:13]} {[%emt 00:06:50]} 25. Nh7 {[%clk
00:57:37]} {[%emt 00:01:56]} Rfd8 {[%clk 00:45:15]} {[%emt 00:01:28]} 26. Rg3+
{[%clk 00:53:30]} {[%emt 00:04:35]} Kh8 {[%clk 00:45:23]} {[%emt 00:00:10]} 27.
Rg5 {[%clk 00:53:09]} {[%emt 00:01:05]} Rac8 {[%clk 00:43:40]} {[%emt
00:02:13]} 28. Rxc8 {[%clk 00:47:16]} {[%emt 00:06:23]} Rxc8 {[%clk 00:44:04]}
{[%emt 00:00:06]} 29. Rxh5 {[%clk 00:45:21]} {[%emt 00:02:25]} Kg7 {[%clk
00:43:32]} {[%emt 00:01:01]} 30. b4 {[%clk 00:42:01]} {[%emt 00:03:51]} Ba4
{[%clk 00:41:42]} {[%emt 00:02:17]} 31. Ng5 {[%clk 00:26:46]} {[%emt 00:15:47]}
Nf8 {[%clk 00:41:11]} {[%emt 00:01:01]} 32. Rh3 {[%clk 00:24:37]} {[%emt
00:02:39]} Bc2 {[%clk 00:40:25]} {[%emt 00:01:16]} 33. Rg3 {[%clk 00:22:31]}
{[%emt 00:02:36]} Bxd3 {[%clk 00:40:17]} {[%emt 00:00:38]} 34. Nxe6+ {[%clk
00:22:33]} {[%emt 00:04:17]} Kh6 {[%clk 00:30:40]} {[%emt 00:09:55]} 35. Rh3+
{[%clk 00:22:22]} {[%emt 00:00:45]} Kg6 {[%clk 00:29:29]} {[%emt 00:01:37]} 36.
Nf4+ {[%clk 00:22:36]} {[%emt 00:00:19]} Kf5 {[%clk 00:28:33]} {[%emt
00:01:12]} 37. Nxd3 {[%clk 00:22:58]} {[%emt 00:00:23]} Rc2 {[%clk 00:26:53]}
{[%emt 00:01:56]} 38. Rf3+ {[%clk 00:22:39]} {[%emt 00:01:02]} Ke4 {[%clk
00:25:27]} {[%emt 00:01:55]} 39. Nc5+ {[%clk 00:21:38]} {[%emt 00:01:31]} Kxe5
{[%clk 00:24:50]} {[%emt 00:01:06]} 40. Rxf7 {[%clk 00:20:09]} {[%emt
00:02:02]} Ng6 {[%clk 00:24:30]} {[%emt 00:00:44]} 41. g3 {[%clk 00:18:27]}
{[%emt 00:02:18]} Rxa2 {[%clk 00:23:00]} {[%emt 00:02:00]} 42. Rxb7 {[%clk
00:18:25]} {[%emt 00:00:31]} Kd4 {[%clk 00:19:02]} {[%emt 00:04:24]} 43. Nb3+
{[%clk 00:14:07]} {[%emt 00:04:52]} Ke4 {[%clk 00:16:47]} {[%emt 00:02:40]} 44.
Rg7 {[%clk 00:11:57]} {[%emt 00:02:44]} Ne5 {[%clk 00:15:34]} {[%emt 00:01:43]}
45. Re7 {[%clk 00:12:17]} {[%emt 00:00:11]} Rb2 {[%clk 00:14:31]} {[%emt
00:01:15]} 46. Nc5+ {[%clk 00:11:50]} {[%emt 00:01:14]} Kd4 {[%clk 00:13:48]}
{[%emt 00:01:11]} 47. Ne6+ {[%clk 00:08:51]} {[%emt 00:03:33]} Kc4 {[%clk
00:13:09]} {[%emt 00:01:08]} 48. Rxa7 {[%clk 00:08:32]} {[%emt 00:00:49]} Rxb4
{[%clk 00:12:31]} {[%emt 00:01:08]} 49. f4 {[%clk 00:08:36]} {[%emt 00:00:26]}
Ng4 {[%clk 00:10:30]} {[%emt 00:02:27]} 50. Kg2 {[%clk 00:07:28]} {[%emt
00:01:42]} Nf6 {[%clk 00:08:22]} {[%emt 00:02:30]} 51. Rc7+ {[%clk 00:07:31]}
{[%emt 00:00:35]} Kd3 {[%clk 00:06:49]} {[%emt 00:01:55]} 52. Kf3 {[%clk
00:05:39]} {[%emt 00:02:30]} Ne4 {[%clk 00:05:48]} {[%emt 00:01:30]} 53. Nc5+
{[%clk 00:04:17]} {[%emt 00:01:54]} Nxc5 {[%clk 00:06:10]} {[%emt 00:00:07]} 54.
Rxc5 {[%clk 00:04:45]} {[%emt 00:00:02]} Kd4 {[%clk 00:06:17]} {[%emt
00:00:22]} 55. Rc8 {[%clk 00:05:08]} {[%emt 00:00:07]} Rb3+ {[%clk 00:06:22]}
{[%emt 00:00:26]} 56. Kg4 {[%clk 00:05:32]} {[%emt 00:00:07]} Rb4 {[%clk
00:02:40]} {[%emt 00:04:07]}  1-0

[Event "56th Hull Congress"]
[Site "Hull"]
[Date "2019.11.02"]
[Round "3"]
[Board "12"]
[White "Chan, Sheng Liang Bernard"]
[Black "Burnett, Jim"]
[Result "1/2-1/2"]
[WhiteElo "1776"]
[BlackElo "2037"]
[PlyCount "0"]
[EventDate "2019.11.01"]
[EventRounds "5"]
[EventCountry "ENG"]

1. d4 {[%clk 01:30:57]} {[%emt 00:00:02]} d5 {[%clk 01:30:57]} {[%emt
00:00:05]} 2. Bf4 {[%clk 01:31:16]} {[%emt 00:00:10]} Nf6 {[%clk 01:31:22]}
{[%emt 00:00:06]} 3. e3 {[%clk 01:31:40]} {[%emt 00:00:04]} c5 {[%clk
01:31:37]} {[%emt 00:00:16]} 4. c3 {[%clk 01:32:05]} {[%emt 00:00:06]} Nc6
{[%clk 01:31:50]} {[%emt 00:00:17]} 5. Nd2 {[%clk 01:32:12]} {[%emt 00:00:22]}
Qb6 {[%clk 01:31:51]} {[%emt 00:00:29]} 6. Qb3 {[%clk 01:32:16]} {[%emt
00:00:25]} c4 {[%clk 01:30:44]} {[%emt 00:01:38]} 7. Qc2 {[%clk 01:32:27]}
{[%emt 00:00:20]} Bg4 {[%clk 01:29:28]} {[%emt 00:01:45]} 8. Be2 {[%clk
01:30:51]} {[%emt 00:02:06]} Bxe2 {[%clk 01:29:43]} {[%emt 00:00:15]} 9. Nxe2
{[%clk 01:31:16]} {[%emt 00:00:05]} e6 {[%clk 01:29:10]} {[%emt 00:01:02]} 10.
O-O {[%clk 01:29:04]} {[%emt 00:02:43]} Be7 {[%clk 01:28:20]} {[%emt 00:01:21]}
11. h3 {[%clk 01:29:11]} {[%emt 00:00:22]} O-O {[%clk 01:27:20]} {[%emt
00:01:29]} 12. Rfe1 {[%clk 01:24:48]} {[%emt 00:04:54]} Qd8 {[%clk 01:26:36]}
{[%emt 00:01:14]} 13. e4 {[%clk 01:24:10]} {[%emt 00:01:08]} b5 {[%clk
01:26:21]} {[%emt 00:00:45]} 14. a3 {[%clk 01:23:54]} {[%emt 00:00:46]} a5
{[%clk 01:24:00]} {[%emt 00:02:51]} 15. b3 {[%clk 01:21:58]} {[%emt 00:02:26]}
Qd7 {[%clk 01:21:42]} {[%emt 00:02:48]} 16. bxc4 {[%clk 01:20:23]} {[%emt
00:02:05]} bxc4 {[%clk 01:22:07]} {[%emt 00:00:05]} 17. a4 {[%clk 01:19:51]}
{[%emt 00:01:03]} Rfc8 {[%clk 01:21:58]} {[%emt 00:00:38]} 18. Reb1 {[%clk
01:19:35]} {[%emt 00:00:46]} Ne8 {[%clk 01:21:55]} {[%emt 00:00:33]} 19. Rb2
{[%clk 01:16:21]} {[%emt 00:03:44]} Bd6 {[%clk 01:20:04]} {[%emt 00:02:22]} 20.
exd5 {[%clk 01:13:48]} {[%emt 00:03:02]} exd5 {[%clk 01:17:54]} {[%emt
00:02:40]} 21. Rab1 {[%clk 01:13:49]} {[%emt 00:00:29]} Rab8 {[%clk 01:16:11]}
{[%emt 00:02:13]} 22. Rb5 {[%clk 01:13:49]} {[%emt 00:00:30]} Nc7 {[%clk
01:15:23]} {[%emt 00:01:18]} 23. Rxb8 {[%clk 01:11:24]} {[%emt 00:02:55]} Rxb8
{[%clk 01:15:14]} {[%emt 00:00:39]} 24. Rxb8+ {[%clk 01:11:44]} {[%emt
00:00:10]} Nxb8 {[%clk 01:15:36]} {[%emt 00:00:08]} 25. Nf1 {[%clk 01:09:23]}
{[%emt 00:02:52]} Bxf4 {[%clk 01:10:40]} {[%emt 00:05:25]} 26. Nxf4 {[%clk
01:09:51]} {[%emt 00:00:02]} Qc6 {[%clk 01:08:47]} {[%emt 00:02:23]} 27. Qf5
{[%clk 01:08:45]} {[%emt 00:01:35]} Nd7 {[%clk 01:07:37]} {[%emt 00:01:41]} 28.
Ne3 {[%clk 01:08:09]} {[%emt 00:01:06]} Nb6 {[%clk 01:07:34]} {[%emt 00:00:33]}
29. Qg5 {[%clk 01:06:49]} {[%emt 00:01:49]} f6 {[%clk 01:00:50]} {[%emt
00:07:15]} 30. Qf5 {[%clk 01:04:07]} {[%emt 00:03:11]} Qxa4 {[%clk 00:51:55]}
{[%emt 00:09:26]} 31. Nfxd5 {[%clk 01:03:49]} {[%emt 00:00:49]} Ncxd5 {[%clk
00:51:01]} {[%emt 00:01:24]} 32. Nxd5 {[%clk 01:04:11]} {[%emt 00:00:08]} Qd7
{[%clk 00:50:48]} {[%emt 00:00:42]} 33. Qxd7 {[%clk 01:02:38]} {[%emt
00:02:03]} Nxd7 {[%clk 00:51:14]} {[%emt 00:00:04]} 34. Kf1 {[%clk 01:02:46]}
{[%emt 00:00:22]} Kf7 {[%clk 00:51:23]} {[%emt 00:00:22]} 35. Ke2 {[%clk
01:02:03]} {[%emt 00:01:13]} Ke6 {[%clk 00:51:24]} {[%emt 00:00:26]} 36. Ne3
{[%clk 01:01:47]} {[%emt 00:00:48]} Nb6 {[%clk 00:51:49]} {[%emt 00:00:06]} 37.
Kd2 {[%clk 01:01:57]} {[%emt 00:00:20]} h5 {[%clk 00:49:21]} {[%emt 00:02:57]}
38. g3 {[%clk 01:01:17]} {[%emt 00:01:10]} g6 {[%clk 00:49:18]} {[%emt
00:00:33]} 39. Kc2 {[%clk 00:59:26]} {[%emt 00:02:22]} Kd6 {[%clk 00:48:24]}
{[%emt 00:01:23]} 40. f3 {[%clk 00:58:26]} {[%emt 00:01:30]} Ke6 {[%clk
00:48:45]} {[%emt 00:00:09]} 41. f4 {[%clk 00:54:39]} {[%emt 00:04:16]} g5
{[%clk 00:44:46]} {[%emt 00:04:30]} 42. f5+ {[%clk 00:51:46]} {[%emt 00:03:23]}
Kd6 {[%clk 00:44:53]} {[%emt 00:00:23]} 43. h4 {[%clk 00:48:56]} {[%emt
00:03:21]} Ke7 {[%clk 00:44:15]} {[%emt 00:01:08]} 44. Kb1 {[%clk 00:48:18]}
{[%emt 00:01:07]} Kd6 {[%clk 00:44:33]} {[%emt 00:00:13]} 45. Ka2 {[%clk
00:48:05]} {[%emt 00:00:43]} Ke7 {[%clk 00:44:18]} {[%emt 00:00:44]} 46. Kb2
{[%clk 00:46:47]} {[%emt 00:01:49]} Kd6 {[%clk 00:44:18]} {[%emt 00:00:29]} 47.
Kc2 {[%clk 00:47:13]} {[%emt 00:00:04]} Ke7 {[%clk 00:44:29]} {[%emt 00:00:19]}
48. Kd2 {[%clk 00:47:39]} {[%emt 00:00:05]} Kd6 {[%clk 00:44:12]} {[%emt
00:00:47]} 49. Ke2 {[%clk 00:46:18]} {[%emt 00:01:51]} Ke7 {[%clk 00:42:22]}
{[%emt 00:02:20]} 50. Ke1 {[%clk 00:19:50]} {[%emt 00:26:57]} Kd6 {[%clk
00:38:37]} {[%emt 00:04:15]} 51. Kd2 {[%clk 00:20:16]} {[%emt 00:00:05]} Ke7
{[%clk 00:38:48]} {[%emt 00:00:18]} 52. Nc2 {[%clk 00:18:30]} {[%emt 00:02:16]}
Kd6 {[%clk 00:38:28]} {[%emt 00:00:50]} 53. Na3 {[%clk 00:14:36]} {[%emt
00:04:25]} gxh4 {[%clk 00:31:00]} {[%emt 00:07:58]} 54. gxh4 {[%clk 00:15:04]}
{[%emt 00:00:01]} Kd5 {[%clk 00:31:20]} {[%emt 00:00:11]} 55. Ke3 {[%clk
00:15:25]} {[%emt 00:00:09]} Na4 {[%clk 00:31:31]} {[%emt 00:00:18]} 56. Kd2
{[%clk 00:14:19]} {[%emt 00:01:36]} Nb2 {[%clk 00:31:14]} {[%emt 00:00:48]} 57.
Ke3 {[%clk 00:13:50]} {[%emt 00:00:59]} Nd1+ {[%clk 00:28:33]} {[%emt
00:03:11]} 58. Kd2 {[%clk 00:14:19]} {[%emt 00:00:01]} Nf2 {[%clk 00:28:49]}
{[%emt 00:00:14]} 59. Ke3 {[%clk 00:14:29]} {[%emt 00:00:20]} Nd1+ {[%clk
00:26:10]} {[%emt 00:03:08]} 60. Kd2 {[%clk 00:14:57]} {[%emt 00:00:03]} Nf2
{[%clk 00:26:35]} {[%emt 00:00:05]}  1/2-1/2

[Event "56th Hull Congress"]
[Site "Hull"]
[Date "2019.11.02"]
[Round "3"]
[Board "13"]
[White "Bettley, Andrew D"]
[Black "Ther, Mate"]
[Result "0-1"]
[WhiteElo "1492"]
[BlackElo "2003"]
[PlyCount "0"]
[EventDate "2019.11.01"]
[EventRounds "5"]
[EventCountry "ENG"]

1. e4 {[%clk 01:30:57]} {[%emt 00:00:02]} e5 {[%clk 01:30:58]} {[%emt
00:00:03]} 2. Nf3 {[%clk 01:31:24]} {[%emt 00:00:03]} Nc6 {[%clk 01:31:25]}
{[%emt 00:00:03]} 3. Bc4 {[%clk 01:31:49]} {[%emt 00:00:04]} Bc5 {[%clk
01:31:51]} {[%emt 00:00:04]} 4. d3 {[%clk 01:31:57]} {[%emt 00:00:23]} Nf6
{[%clk 01:32:16]} {[%emt 00:00:05]} 5. Nc3 {[%clk 01:32:20]} {[%emt 00:00:07]}
O-O {[%clk 01:32:37]} {[%emt 00:00:08]} 6. Bg5 {[%clk 01:32:30]} {[%emt
00:00:21]} d6 {[%clk 01:33:02]} {[%emt 00:00:05]} 7. Nd5 {[%clk 01:31:57]}
{[%emt 00:01:03]} Kh8 {[%clk 01:31:35]} {[%emt 00:01:56]} 8. c3 {[%clk
01:28:40]} {[%emt 00:03:48]} Be6 {[%clk 01:31:09]} {[%emt 00:00:56]} 9. Nxf6
{[%clk 01:24:47]} {[%emt 00:04:22]} gxf6 {[%clk 01:31:27]} {[%emt 00:00:11]} 10.
Bh4 {[%clk 01:24:31]} {[%emt 00:00:47]} Bxc4 {[%clk 01:31:09]} {[%emt
00:00:49]} 11. dxc4 {[%clk 01:24:38]} {[%emt 00:00:23]} Rg8 {[%clk 01:27:26]}
{[%emt 00:04:12]} 12. Rg1 {[%clk 01:21:46]} {[%emt 00:03:22]} Qe7 {[%clk
01:26:14]} {[%emt 00:01:42]} 13. Nd2 {[%clk 01:18:52]} {[%emt 00:03:25]} Qe6
{[%clk 01:25:07]} {[%emt 00:01:35]} 14. Qf3 {[%clk 01:16:54]} {[%emt 00:02:29]}
Rg6 {[%clk 01:25:20]} {[%emt 00:00:17]} 15. Nf1 {[%clk 01:15:26]} {[%emt
00:01:59]} Ne7 {[%clk 01:23:00]} {[%emt 00:02:49]} 16. b3 {[%clk 01:12:11]}
{[%emt 00:03:47]} a5 {[%clk 01:19:59]} {[%emt 00:03:30]} 17. Ng3 {[%clk
01:01:12]} {[%emt 00:11:30]} a4 {[%clk 01:12:34]} {[%emt 00:07:54]} 18. Kd2
{[%clk 00:59:16]} {[%emt 00:02:25]} c6 {[%clk 01:05:04]} {[%emt 00:08:01]} 19.
Kc2 {[%clk 00:56:51]} {[%emt 00:02:55]} b5 {[%clk 01:00:53]} {[%emt 00:04:41]}
20. cxb5 {[%clk 00:45:16]} {[%emt 00:12:05]} cxb5 {[%clk 01:01:11]} {[%emt
00:00:12]} 21. Nh5 {[%clk 00:44:08]} {[%emt 00:01:39]} Ng8 {[%clk 01:01:10]}
{[%emt 00:00:30]} 22. b4 {[%clk 00:42:30]} {[%emt 00:02:08]} Bb6 {[%clk
00:59:17]} {[%emt 00:02:23]} 23. Ng3 {[%clk 00:37:35]} {[%emt 00:05:25]} Rc8
{[%clk 00:53:47]} {[%emt 00:05:59]} 24. Nf5 {[%clk 00:36:14]} {[%emt 00:01:52]}
Bd4 {[%clk 00:52:45]} {[%emt 00:01:30]} 25. Kd1 {[%clk 00:30:19]} {[%emt
00:06:23]} Bxc3 {[%clk 00:50:49]} {[%emt 00:02:30]} 26. Rc1 {[%clk 00:28:25]}
{[%emt 00:02:24]} Bxb4 {[%clk 00:48:05]} {[%emt 00:03:13]} 27. Rxc8 {[%clk
00:27:44]} {[%emt 00:01:11]} Qxc8 {[%clk 00:48:20]} {[%emt 00:00:16]} 28. Qd3
{[%clk 00:27:58]} {[%emt 00:00:17]} Qc6 {[%clk 00:35:14]} {[%emt 00:13:33]} 29.
Bg3 {[%clk 00:25:25]} {[%emt 00:03:05]} Bc5 {[%clk 00:28:08]} {[%emt 00:07:36]}
30. h4 {[%clk 00:25:03]} {[%emt 00:00:52]} Nh6 {[%clk 00:23:27]} {[%emt
00:05:10]} 31. Ne7 {[%clk 00:24:08]} {[%emt 00:01:26]} Rxg3 {[%clk 00:21:56]}
{[%emt 00:02:00]} 32. Qxg3 {[%clk 00:22:26]} {[%emt 00:02:13]} Qxe4 {[%clk
00:22:16]} {[%emt 00:00:10]} 33. Kd2 {[%clk 00:19:49]} {[%emt 00:03:08]} Qb7
{[%clk 00:22:03]} {[%emt 00:00:41]}  0-1

[Event "56th Hull Congress"]
[Site "Hull"]
[Date "2019.11.02"]
[Round "3"]
[Board "14"]
[White "Nandi, Robin J"]
[Black "Sheppard, Derek A"]
[Result "1-0"]
[WhiteElo "1930"]
[BlackElo "1717"]
[PlyCount "0"]
[EventDate "2019.11.01"]
[EventRounds "5"]
[EventCountry "ENG"]

1. e4 {[%clk 01:30:55]} {[%emt 00:00:04]} c5 {[%clk 01:30:54]} {[%emt
00:00:07]} 2. Nf3 {[%clk 01:31:18]} {[%emt 00:00:07]} e6 {[%clk 01:31:19]}
{[%emt 00:00:05]} 3. d4 {[%clk 01:31:37]} {[%emt 00:00:11]} cxd4 {[%clk
01:31:42]} {[%emt 00:00:06]} 4. Nxd4 {[%clk 01:32:00]} {[%emt 00:00:07]} Nf6
{[%clk 01:31:52]} {[%emt 00:00:20]} 5. Nc3 {[%clk 01:32:23]} {[%emt 00:00:08]}
Bb4 {[%clk 01:32:07]} {[%emt 00:00:15]} 6. e5 {[%clk 01:28:18]} {[%emt
00:04:35]} Nd5 {[%clk 01:32:23]} {[%emt 00:00:14]} 7. Bd2 {[%clk 01:24:31]}
{[%emt 00:04:16]} Bxc3 {[%clk 01:29:33]} {[%emt 00:03:20]} 8. bxc3 {[%clk
01:24:35]} {[%emt 00:00:25]} Qc7 {[%clk 01:28:33]} {[%emt 00:01:30]} 9. f4
{[%clk 01:20:42]} {[%emt 00:04:24]} Nxc3 {[%clk 01:27:31]} {[%emt 00:01:33]} 10.
Qf3 {[%clk 01:18:40]} {[%emt 00:02:31]} Nd5 {[%clk 01:25:26]} {[%emt 00:02:35]}
11. Nb5 {[%clk 01:17:21]} {[%emt 00:01:49]} Qd8 {[%clk 01:10:43]} {[%emt
00:15:14]} 12. Nd6+ {[%clk 01:13:01]} {[%emt 00:04:50]} Kf8 {[%clk 01:07:26]}
{[%emt 00:03:46]} 13. Qh5 {[%clk 01:09:14]} {[%emt 00:04:17]} g6 {[%clk
01:06:56]} {[%emt 00:01:00]} 14. Qh6+ {[%clk 01:09:10]} {[%emt 00:00:34]} Kg8
{[%clk 01:06:32]} {[%emt 00:00:53]} 15. f5 {[%clk 00:56:12]} {[%emt 00:13:28]}
exf5 {[%emt 00:28:50]} 16. Bc4 {[%clk 00:44:20]} Qe7 {[%clk 00:47:06]} {[%emt
00:03:59]} 17. O-O {[%clk 00:41:08]} {[%emt 00:03:42]} Nc6 {[%clk 00:37:47]}
{[%emt 00:09:49]} 18. Bxd5 {[%clk 00:36:52]} {[%emt 00:04:46]} Nxe5 {[%clk
00:37:32]} {[%emt 00:00:45]} 19. Bc3 {[%clk 00:32:26]} {[%emt 00:04:55]} Qxd6
{[%clk 00:34:21]} {[%emt 00:03:41]} 20. Bxe5 {[%clk 00:32:33]} {[%emt
00:00:24]} Qf8 {[%clk 00:33:13]} {[%emt 00:01:38]} 21. Qxf8+ {[%clk 00:32:27]}
{[%emt 00:00:36]} Kxf8 {[%clk 00:33:30]} {[%emt 00:00:12]} 22. Bxh8 {[%clk
00:32:46]} {[%emt 00:00:11]}  1-0

[Event "56th Hull Congress"]
[Site "Hull"]
[Date "2019.11.02"]
[Round "3"]
[Board "15"]
[White "Gogia, Armaan"]
[Black "Maladkar, Lavanya"]
[Result "1-0"]
[WhiteElo "1866"]
[BlackElo "1648"]
[PlyCount "0"]
[EventDate "2019.11.01"]
[EventRounds "5"]
[EventCountry "ENG"]

1. e4 {[%clk 01:30:58]} e6 {[%clk 01:30:56]} {[%emt 00:00:05]} 2. Nf3 {[%emt
00:02:54]} d5 {[%clk 01:29:28]} 3. exd5 {[%clk 01:29:35]} {[%emt 00:01:28]}
exd5 {[%clk 01:29:16]} {[%emt 00:00:42]} 4. d4 {[%clk 01:30:00]} {[%emt
00:00:04]} Nf6 {[%clk 01:28:18]} {[%emt 00:01:29]} 5. Bd3 {[%clk 01:30:13]}
{[%emt 00:00:16]} Bd6 {[%clk 01:27:56]} {[%emt 00:00:52]} 6. O-O {[%clk
01:30:31]} {[%emt 00:00:12]} O-O {[%clk 01:28:17]} {[%emt 00:00:10]} 7. Bg5
{[%clk 01:30:52]} {[%emt 00:00:08]} Nbd7 {[%clk 01:22:39]} {[%emt 00:06:08]} 8.
Nc3 {[%clk 01:28:58]} {[%emt 00:02:24]} c6 {[%clk 01:22:53]} {[%emt 00:00:17]}
9. Re1 {[%clk 01:27:00]} {[%emt 00:02:27]} Qc7 {[%clk 01:21:26]} {[%emt
00:01:57]} 10. Ne2 {[%clk 01:25:00]} {[%emt 00:02:30]} Ne4 {[%clk 01:14:52]}
{[%emt 00:07:04]} 11. Ng3 {[%clk 01:20:07]} {[%emt 00:05:23]} f5 {[%clk
01:09:42]} {[%emt 00:05:41]} 12. c4 {[%clk 01:14:36]} {[%emt 00:06:01]} Ndf6
{[%clk 00:49:42]} {[%emt 00:20:30]} 13. Qb3 {[%clk 01:05:31]} {[%emt 00:09:34]}
Bxg3 {[%clk 00:37:54]} {[%emt 00:12:18]} 14. hxg3 {[%clk 01:05:27]} {[%emt
00:00:34]} Be6 {[%clk 00:37:31]} {[%emt 00:00:54]} 15. Bf4 {[%clk 01:00:12]}
{[%emt 00:05:44]} Qc8 {[%clk 00:26:40]} {[%emt 00:11:21]} 16. c5 {[%clk
00:55:40]} {[%emt 00:05:03]} h6 {[%clk 00:25:21]} {[%emt 00:01:48]} 17. Rac1
{[%clk 00:46:37]} {[%emt 00:09:33]} g5 {[%clk 00:21:11]} {[%emt 00:04:41]} 18.
Be5 {[%clk 00:42:22]} {[%emt 00:04:44]} Ng4 {[%clk 00:18:43]} {[%emt 00:02:59]}
19. Re2 {[%clk 00:42:22]} {[%emt 00:00:30]} Nxe5 {[%clk 00:14:57]} {[%emt
00:04:16]} 20. Nxe5 {[%clk 00:42:50]} {[%emt 00:00:01]} Kg7 {[%clk 00:14:25]}
{[%emt 00:01:02]} 21. Qc2 {[%clk 00:40:04]} {[%emt 00:03:16]} Qe8 {[%clk
00:12:36]} {[%emt 00:02:20]} 22. g4 {[%clk 00:37:55]} {[%emt 00:02:39]} h5
{[%clk 00:07:25]} {[%emt 00:05:42]} 23. gxf5 {[%clk 00:35:46]} {[%emt
00:02:38]} Bxf5 {[%clk 00:07:06]} {[%emt 00:00:49]} 24. Bxe4 {[%clk 00:35:07]}
{[%emt 00:01:08]} Bxe4 {[%clk 00:06:36]} {[%emt 00:01:01]} 25. Qd2 {[%clk
00:35:25]} {[%emt 00:00:12]} Qd8 {[%clk 00:06:08]} {[%emt 00:00:58]} 26. Rce1
{[%clk 00:32:08]} {[%emt 00:03:46]} g4 {[%clk 00:05:38]} {[%emt 00:01:01]} 27.
f3 {[%clk 00:31:03]} {[%emt 00:01:34]} gxf3 {[%clk 00:02:18]} {[%emt 00:03:51]}
28. gxf3 {[%clk 00:31:27]} {[%emt 00:00:05]} Bf5 {[%clk 00:01:43]} {[%emt
00:01:05]} 29. Rg2+ {[%clk 00:29:00]} {[%emt 00:02:58]} Kh7 {[%clk 00:01:52]}
{[%emt 00:00:21]} 30. Ree2 {[%clk 00:22:27]} {[%emt 00:07:02]} Rg8 {[%clk
00:01:24]} {[%emt 00:00:59]} 31. Rxg8 {[%clk 00:22:45]} {[%emt 00:00:13]} Qxg8+
{[%clk 00:01:48]} {[%emt 00:00:05]} 32. Rg2 {[%clk 00:23:10]} {[%emt 00:00:04]}
Qe6 {[%clk 00:01:35]} {[%emt 00:00:44]} 33. Qg5 {[%clk 00:23:15]} {[%emt
00:00:24]} Rg8 {[%clk 00:01:09]} {[%emt 00:00:57]} 34. Qxh5+ {[%clk 00:23:18]}
{[%emt 00:00:26]} Qh6 {[%clk 00:01:31]} {[%emt 00:00:09]} 35. Qxh6+ {[%clk
00:23:41]} {[%emt 00:00:07]}  1-0